000 01278cam a2200337 i 4500
001 768714001
003 CO-MdFUSB
005 20231201142109.0
008 160804t2008 sp ||||| |||| 00| 0 spa d
020 _a9788430116881
040 _cCO-MdFUSB
_aCO-MdFUSB
_bEspañol
_dCO-MdFUSB
_erda
041 _aspa
082 _224
_aG 231.8
_bG831p
100 1 _aGreshake, Gisbert
_eautor
245 1 0 _a¿Por qué el Dios del amor permite que suframos?
_b: breve ensayo sobre el dolor
_c / Gisbert Greshake ; traducido por Miguel García-Baró
264 1 _aSalamanca :
_bSígueme,
_c[2008]
264 4 _c©2008
300 _a140 páginas
_c;
336 _2rdacontent
337 _2rdamedia
338 _2rdacarrier
490 _aVerdad e Imagen minor,
500 _aTítulo original en alemán: Warum lässt uns Gottes Liebe leiden?
501 _arústico
505 0 0 _aEl dolor y la cuestión de Dios. Aspectos del problema -- Abuso de la libertad y dolor -- Creación y dolor -- ¿"Un precio demasiado alto"? -- Superar el dolor -- Límite y experiencia de la muerte -- Dimensiones implicadas en el manejo del dolor.
650 7 _9280
_aDios
_xJusticia
650 7 _9281
_aSufrimiento
_xCristianismo
650 7 _9282
_aDolor
942 _cBK
945 _ajohan1477
999 _c45070
_d45070